000 00826nam a2200241 i 4500
001 98356
003 ES-MaACL
005 20231228063217.0
007 t|
008 050728s1971 sp ||||1| spa d
080 _a821.134.2(729.1)-14"18"
100 1 _aMartí, José,
_d1853-1895
_977189
245 1 0 _aVersos /
_cJosé Martí.
260 _aSalamanca :
_bAnaya,
_c1971.
300 _a2 v. ;
_c18 cm.
490 1 _aBolsianaya ;
_v3-4
505 8 _aContiene: I. Ismaelillo ; Versos sencillos ; Versos libres ; Versos de "La edad de oro" (230 p.) - II. Versos varios ; Versos de infancia y adolescencia ; Versos ocasionales ; Teatro (270 p.)
740 0 2 _aIsmaelillo.
740 3 2 _aLa edad de oro.
830 1 _aBolsianaya ;
_v3-4
_9230006
852 _aES-MaACL
_jC-49700-01
999 _c98356
_d98356